00822cam a2200217Ia 4500008004100000020002200041100002000063245011200083260003900195300004900234540004100283500002000324500010500344650003900449650003400488630003800522700001700560003000100577005001700578040000900595  a8120322894(hbk. )1 aDavies, Joseph.10aMicrosoft windows 2003 TCP/IP :bprotocols and services, technical references /cJoseph Davies, Lee Thomas. aNew Delhi :bPrentice-Hall,c2003. axxxiii, 715 p. :bill ;c25 cm. +e1 CD-Rom. aIncludes bibliographical references. aIncludes index. aSystem requirements: Microsoft Windows NT 4.0 with Service Pack 4 (or later) or Windows 2003 Server. 0aTCP/IP (Computer network protocol) 0aOperating systems (Computers)00aMicrosoft Windows (Computer file)1 aThomas, Lee.20230123134119.0 cNUST